Analýza e-commerce vo vybranej krajine bakalárska práca

Enregistré dans:
Détails bibliographiques
Auteur principal: Demočová, Katarína
Collectivité auteur: Obchodná fakulta EU. Katedra informatiky obchodných firiem
Autres auteurs: Škvarčeková, Oľga
Format: Livre
Langue:slovaque
Publié: Bratislava 2014
Tags: Ajouter un tag
Pas de tags, Soyez le premier à ajouter un tag!

MARC

LEADER 00000nbm a2200000 4500
001 0188234
005 20170201100737.3
041 0 |a slo 
044 |a SK 
245 1 0 |a Analýza e-commerce vo vybranej krajine  |b bakalárska práca  |c Katarína Demočová ; školiteľ: Oľga Škvarčeková 
264 1 |a Bratislava  |c 2014 
300 |a 42 s. 
100 1 |a Demočová, Katarína 
700 1 |a Škvarčeková, Oľga 
710 2 |a Obchodná fakulta EU. Katedra informatiky obchodných firiem